00342nam a2200121Ia 4500008004100000041001200041082001900053100002100072245005600093260002500149300001200174650003400186231217s9999 xx 000 0 und d aEnglish a001.642 SIN;5 aSinha, Pradeep K 0aDistributed operating systems : concepts and design c1997bPHIaNew Delhi axix+743 aDistributed,operating,systems